<?xml version="1.0" encoding="UTF-8"?>
<collection xmlns="http://www.loc.gov/MARC21/slim">
  <record>
    <leader>00000nam  2200000   4500</leader>
    <controlfield tag="001">INLIS000000000000165</controlfield>
    <controlfield tag="005">20190416092936</controlfield>
    <datafield tag="035" ind1="#" ind2="#">
      <subfield code="a">0010-0718000165</subfield>
    </datafield>
    <controlfield tag="008">190416################g##########0#ind##</controlfield>
    <datafield tag="020" ind1="#" ind2="#">
      <subfield code="a">9789793330907</subfield>
    </datafield>
    <datafield tag="041" ind1=" " ind2=" ">
      <subfield code="a">id</subfield>
    </datafield>
    <datafield tag="082" ind1="#" ind2="#">
      <subfield code="a">300</subfield>
    </datafield>
    <datafield tag="090" ind1=" " ind2=" ">
      <subfield code="a">338.9 Nug p</subfield>
    </datafield>
    <datafield tag="100" ind1=" " ind2="#">
      <subfield code="a">Nugroho, Iwan</subfield>
    </datafield>
    <datafield tag="700" ind1=" " ind2="#">
      <subfield code="a">Dahuri, Rokhmin</subfield>
    </datafield>
    <datafield tag="245" ind1="1" ind2="#">
      <subfield code="a">Pembangunan wilayah : Perspektif ekonomi, sosial dan lingkungan. /</subfield>
      <subfield code="c">Iwan Nugroho</subfield>
    </datafield>
    <datafield tag="250" ind1="#" ind2="#">
      <subfield code="a">Ed. Revisi</subfield>
    </datafield>
    <datafield tag="260" ind1="#" ind2="#">
      <subfield code="a">Jakarta :</subfield>
      <subfield code="b">LP3ES,</subfield>
      <subfield code="c">2012</subfield>
    </datafield>
    <datafield tag="300" ind1="#" ind2="#">
      <subfield code="a">xii, 432 hlm. :</subfield>
      <subfield code="b">ilus ;</subfield>
      <subfield code="c">22 cm</subfield>
    </datafield>
    <datafield tag="650" ind1=" " ind2="#">
      <subfield code="a">Ekonomi - Pembangunan</subfield>
    </datafield>
    <datafield tag="084" ind1="#" ind2="#">
      <subfield code="a">300 Nug p</subfield>
    </datafield>
    <datafield tag="520" ind1="#" ind2="#">
      <subfield code="a">Makna pembangunan yang pernah dipikirkan Adam Smith dan Keynes kala itu tentu berbeda dengan mainstream ekonomi kesejahteraan nya Amartya Sen yang menekankan perlunya pembangunan yang inherendengan kebebasan berpolitik di dalam demokrasi. Dewasa ini makna pembangunan lebih bersifat komprehensif dan holistikserta cenderung merujuk pada kualitas , seperti tampak dalam buku ini bahwa pembangunan wilayah yang dimaksud bukan hanya dalam arti fisik geografis semata, namun mencakup juga integrasi dari aspek-aspek sosial ekonomi, efisiensi mekanisme pasar dan perbaikan sistem kelembagaan. Seberapapun canggihnya perencanaan pembangunan tanpa dukungan dan partisipasi masyarakat. Keberhasilan pembangunan hanya imajinasi belaka. Buku revisi ini menarik, karena didalamnya memuat kasus Indonesia.</subfield>
    </datafield>
    <datafield tag="856" ind1="#" ind2="#">
      <subfield code="a">Perpustakaan Lembaga Administrasi Negara</subfield>
    </datafield>
    <datafield tag="990" ind1="#" ind2="#">
      <subfield code="a">141217113</subfield>
    </datafield>
    <datafield tag="990" ind1="#" ind2="#">
      <subfield code="a">141217114</subfield>
    </datafield>
    <datafield tag="990" ind1="#" ind2="#">
      <subfield code="a">141217114</subfield>
    </datafield>
    <datafield tag="990" ind1="#" ind2="#">
      <subfield code="a">141217113</subfield>
    </datafield>
    <datafield tag="990" ind1="#" ind2="#">
      <subfield code="a">141217113</subfield>
    </datafield>
    <datafield tag="990" ind1="#" ind2="#">
      <subfield code="a">141217114</subfield>
    </datafield>
  </record>
</collection>
